000 00704nam a2200229Ia 4500
003 OSt
005 20251230145411.0
008 210716s1996 xx 000 0 und d
020 _a8170296803
040 _cAIMIT LIBRARY
041 _aeng
082 _a006.37
_21
_bSCOR
100 _aScott, Richard P.
_9249777
245 _aPC learning labs teches microsoft visual basic 4.0 /
_cBy Richard P Scott.
250 _a1st ed.
260 _aNew Delhi :
_bBPB Publications ,
_c1996.
300 _axxix,336p. ;
_bPB
_c23.7 cm
650 _aBuilding a simple application
_9249778
650 _aBuilding a user Interface
_9249779
650 _aMultiple forms
_9249780
942 _2ddc
_cBK
_e1st
_k006.37 SCOR
999 _c183180
_d183180